000 01264nam a22002777a 4500
001 TZ 0020
003 gtcocun
005 20250929172201.0
006 a||||gr|||| 00| 0
007 ta
008 250929b2002 gt ||||| m||| 00| 0 eng d
040 _agtcocun
_bSPA
_cgtcocun
_eRDA
041 _aSPA TZ 0020
084 _0TZ 0020
100 _aChaman Teni, Francis Ardany
_eAutor
245 _aDETERMINACIÓN DEL GRADO DE CONTAMINACIÓN DE COLIFORMES, EN EMBUTIDOS ELABORADOS ARTESANALMENTE EN LAS CABECERAS MUNICIPALES DE COBÁN Y SAN PEDRO CARCHÁ, ALTA VERAPAZ./
_cFrancis Ardany Chaman Teni.
_hImpreso
264 _aCobán, Alta Verapaz:
_bUniversidad de San Carlos de Guatemala, Centro Universitario del Norte, Zootecnia
_c2002
300 _a47 p.:
_bIlustraciones, gráficas.
_c28 cm;
502 _eTZ 0020
502 _aTesis de grado
_bZootecnia,
_cUniversidad de San Carlos de Guatemala, Centro Universitario del Norte, Zootecnia
_d2002
_oTZ 0020
650 1 4 _2LEMB
_aSan Pedro Carchá, Alta Verapaz
_xZootecnia
_xMicrobiología
_xVeterinaria
_xColiformes
_xEmbutidos
_xConsumo
700 _eAsesor
856 _uSin archivo en línea.
_zSin archivo en línea.
942 _2ddc
_cTES
_iTZ 0020
_kClasificación
_n0
_6TZ_0020_000000000000000
999 _c2171
_d2171